Analysis of inter-state industrial development in India (1970-71 To 1992-93) (Record no. 10648)

MARC details
000 -LEADER
fixed length control field 00608nam a2200169Ia 4500
082 ## - DEWEY DECIMAL CLASSIFICATION NUMBER
Classification number TA.0267
100 ## - MAIN ENTRY--AUTHOR NAME
Personal name Anuradha, A.
245 #0 - TITLE STATEMENT
Title Analysis of inter-state industrial development in India (1970-71 To 1992-93)
260 ## - PUBLICATION, DISTRIBUTION, ETC. (IMPRINT)
Year of publication 1997
Name of publisher Osmania University, Hyderabd
300 ## - PHYSICAL DESCRIPTION
Number of Pages 313
504 ## - BIBLIOGRAPHY, ETC. NOTE
Bibliography, etc includes bibliography
650 ## - SUBJECT ADDED ENTRY--TOPICAL TERM
Topical Term includes bibliography
Form subdivision ndia
Geographic subdivision 1970-71 - 1992-93
-- Economic conditions
-- Regional disparitie
650 ## - SUBJECT ADDED ENTRY--TOPICAL TERM
Topical Term India
Form subdivision Economic conditions
-- Regional disparities
Geographic subdivision 1970-71 - 1992-93
650 ## - SUBJECT ADDED ENTRY--TOPICAL TERM
Topical Term Industries
Form subdivision India
Geographic subdivision 1970-71 - 1992-93
710 ## - ADDED ENTRY--CORPORATE NAME
Corporate name or jurisdiction name as entry element Rao, A.V.V.S.K.
942 ## - ADDED ENTRY ELEMENTS (KOHA)
Koha item type Thesis
Source of classification or shelving scheme Dewey Decimal Classification
Holdings
Withdrawn status Lost status Damaged status Not for loan Home library Current library Date acquired Source of acquisition Bill Date Full call number Accession Number Price effective from Koha item type
        NASSDOC Library NASSDOC Library 10/10/2005 Gifted by : Fellowship Division, ICSSR 2005-09-27 TA.0267 41035 18/04/2019 Thesis